| 000 | 00635nam a2200193 i 4500 | ||
|---|---|---|---|
| 001 | 141419 | ||
| 003 | ES-MaACL | ||
| 007 | t| | ||
| 008 | 070924s1938 fr ||||1| fre d | ||
| 100 | 1 |
_aVillat, Henri. _9115162 |
|
| 245 | 1 | 0 |
_aMecanique des fluides / _cpar M. Henri Villat. |
| 260 |
_aParis : _bGautier, _c1938. |
||
| 300 |
_aVII, 193 p. : _bil. ; _c25 cm. |
||
| 500 | _aPrecede al tít.: Cours de l'Ecole Nationale Superieure d'Aeronautique. | ||
| 650 | 1 | 7 |
_aMecánica de fluidos _2embne _914877 |
| 710 | 2 |
_aEcole Nationale Superieure d'Aeronautique. _93416 |
|
| 852 |
_aES-MaACL _jE-1792 _bR.22711 |
||
| 999 |
_c141419 _d141419 |
||